000 00798nam a2200241 a 4500
001 36786
003 BD-RjUL
005 20211209052535.0
008 140903r19701967ii ||||| |||| 00| 0 ben d
020 _cIRs. 5.00
035 _a(BD-RjUL)36888
040 _aBD-RjUL
_bben
_cBD-RjUL
041 _aben
082 _a891.443
_bJOB 1970
_223
100 _aজরাসন্ধ্ব
_9112214
245 1 0 _aবন্যা /
_cজরাসন্ধ্ব
250 _aমিত্র ঘোষ সং.
260 _aকলিকাতা :
_bমিত্র ও ঘোষ,
_c১৯৬৭ [মুদ্রণ ১৯৭০]
300 _a১৪৬ পৃ. ;
_c২২ সেমি.
650 _aবাংলা উপন্যাস
_9120232
650 _aBengali Fiction
_9120233
942 _2ddc
_cBK
999 _c36786
_d36786